000 01123nac a22003017a 4500
001 BR8201271
003 BR-BrBNA
005 20240105115247.0
008 230509b bl.|||m| |||| 00| 0 por d
040 _aBR-BrBNA
_bpor
_cBiblioteca Nacional de Agricultura
072 _aF30
090 _a1850 BR8201271
100 1 _aCosta, M.S.
100 1 _aPoltronieri, L.S.
110 1 _aUnidade de Execucao de Pesquisa de Ambito Estadual de Altamira, PA (Brasil)
_910343
245 1 _aIntroducao e competicao de cultivares de tomate [Lycopersicon esculentum, Mill)[Para; Brasil]
246 1 _a[Introduction and competition of tomato cultivars (Lycopersicon esculentum, Mill)[Para; Brazil]]
260 3 _aAltamira, PA (Brasil):
_c1981.
300 _a1 p.
490 _aPesquisa em Andamento - Unidade de Execucao de Pesquisa de Ambito Estadual de Altamira (Brazil)
_vno. 14
_xISSN 0101-2665
650 _aMelhoramento genetico vegetal
650 _aTomate
650 _aVariedade
650 _aCompeticao de variedade
650 _aPara
909 _a202312
_bLúcia Elande
_c55
_dLúcia Elande
942 _2AGRIS
_n0
_cMS
999 _c273936
_d273936